000 00637nam a2200229 i 4500
001 42828
003 ES-MaACL
005 20250804064859.0
007 t|
008 030314s1976 sp ||||1| spa d
020 _a84-279-0840-7
080 _a821.134.2-31"19"
100 1 _aCela, Camilo José,
_d1916-2002
_937336
245 1 0 _aOficio de tinieblas 5 /
_cCamilo José Cela.
250 _a8ª ed.
260 _aBarcelona :
_bNoguer,
_c1976.
300 _a274 p. ;
_c18 cm.
490 1 _aLibros de bolsillo Noguer ;
_v35
830 1 0 _aLibros de bolsillo Noguer
_v35
_9181960
852 4 _aES-MaACL
_jE-9803
999 _c42828
_d42828